[Event "Reykjavik Open 2026"]
[Site "Reykjavik ISL"]
[Date "2026.03.28"]
[Round "5.39"]
[White "Sayce, Hannah"]
[Black "Koppe, Cordelia"]
[Result "1-0"]
[WhiteTitle "WCM"]
[WhiteElo "1889"]
[BlackElo "1656"]
[WhiteFideId "3250695"]
[BlackFideId "16232119"]
[EventDate "2026.03.25"]

1. e4 e6 2. d4 d5 3. Bd3 c5 4. exd5 exd5 5. dxc5 Bxc5 6. Nf3 Nf6 7. Bg5 Qb6 8.
Qe2+ Be6 9. Bb5+ Nc6 10. Nc3 d4 11. Bxf6 dxc3 12. Bxc6+ Qxc6 13. Bxc3 O-O 14.
Qe5 f6 15. Qf4 Rae8 16. O-O Bd6 17. Qh4 Bd5 18. Nd4 Qa4 19. b3 Re4 20. Qxe4 Bxe4
21. bxa4 Rc8 22. Rfe1 Bg6 23. Bd2 Be5 24. Be3 Rc4 25. Rad1 Rxa4 26. Rd2 Rxa2 27.
Rb1 h6 28. f4 Bxd4 29. Bxd4 1-0

[Event "Reykjavik Open 2026"]
[Site "Reykjavik ISL"]
[Date "2026.03.28"]
[Round "5.40"]
[White "Kadovic, Tamara"]
[Black "Meeuwissen, Morris"]
[Result "0-1"]
[WhiteElo "1602"]
[BlackElo "1857"]
[WhiteFideId "16512065"]
[BlackFideId "40107418"]
[EventDate "2026.03.25"]

1. Nf3 Nf6 2. b3 e6 3. Bb2 b6 4. e3 Bb7 5. d4 c5 6. c3 Nc6 7. Be2 Be7 8. O-O O-O
9. Nbd2 d5 10. Qc2 Rc8 11. Qb1 Qc7 12. e4 dxe4 13. Nxe4 Nxe4 14. Qxe4 Nxd4 15.
Qd3 Nxe2+ 16. Qxe2 Bf6 17. Rad1 Rcd8 18. Nd2 Qf4 19. Rfe1 Qf5 20. Nf1 Qg6 21.
Ng3 Rfe8 22. c4 Bxb2 23. Qxb2 h5 24. Rxd8 Rxd8 25. Qe5 h4 26. Qc7 Rd2 27. Qxb7
hxg3 28. hxg3 Rxa2 29. Qb8+ Kh7 30. Qf4 Qf6 31. Qe3 g6 32. Rd1 Ra1 33. Qd3 Kg7
34. Kf1 Rxd1+ 35. Qxd1 Qd4 36. Qc2 Qa1+ 37. Ke2 e5 38. Kf3 Qd4 39. g4 Qf4+ 40.
Ke2 Qxg4+ 41. Kf1 Qd4 42. g3 e4 43. Kg2 Qd3 44. Qxd3 exd3 45. Kf3 Kf6 46. Ke3 g5
47. Kxd3 Ke5 48. Ke3 g4 49. Kd3 f5 50. Ke3 a6 51. f4+ gxf3 52. Kxf3 b5 53. cxb5
axb5 54. Ke3 c4 55. b4 Kd5 56. Ke2 Ke4 0-1

[Event "Reykjavik Open 2026"]
[Site "Reykjavik ISL"]
[Date "2026.03.28"]
[Round "5.41"]
[White "Williams, Simon K"]
[Black "De Vleeschauwer, Maarten"]
[Result "1/2-1/2"]
[WhiteTitle "GM"]
[BlackTitle "FM"]
[WhiteElo "2443"]
[BlackElo "2277"]
[WhiteFideId "404454"]
[BlackFideId "214809"]
[EventDate "2026.03.25"]

1. d4 d5 2. c4 c6 3. Nc3 Nf6 4. Nf3 e6 5. Bg5 dxc4 6. e4 b5 7. Be2 h6 8. Bh4 Bb7
9. e5 g5 10. Bg3 Nd5 11. O-O Qb6 12. Nxd5 cxd5 13. Ne1 Nc6 14. Nc2 O-O-O 15. Bh5
Rh7 16. Kh1 b4 17. b3 Ba6 18. f4 cxb3 19. axb3 Bxf1 20. Qxf1 gxf4 21. Ra6 Qb7
22. Bxf4 Kb8 23. Be2 Rc8 24. Bd3 Rh8 25. Bd2 h5 26. h3 Bh6 27. Be1 Bf8 28. Bd2
Bh6 29. Be1 Bf8 30. Bb5 Be7 31. Qd3 Rc7 32. Bd2 Rhc8 33. Ra2 Nxe5 34. dxe5 Rxc2
35. Ba6 Rc1+ 36. Kh2 Qb6 37. Bxc8 Qg1+ 38. Kg3 h4+ 39. Kg4 Qd1+ 40. Qf3 Qxf3+
41. Kxf3 Rxc8 42. Ra4 Rc2 43. Bxb4 Bxb4 44. Rxb4+ Kc7 45. Rxh4 Rc3+ 46. Kf2 Rxb3
47. Rf4 Rb2+ 48. Kf3 Rb3+ 49. Kg4 a5 50. Rxf7+ Kc6 51. Re7 d4 52. Rxe6+ Kd5 53.
Ra6 Kxe5 54. Rxa5+ Ke4 55. Ra8 Ke3 56. h4 d3 57. Re8+ Kf2 58. Rd8 1/2-1/2

[Event "Reykjavik Open 2026"]
[Site "Reykjavik ISL"]
[Date "2026.03.28"]
[Round "5.42"]
[White "Perchard, Matthew"]
[Black "Striskova, Lucia"]
[Result "0-1"]
[BlackTitle "WFM"]
[WhiteElo "1787"]
[BlackElo "2010"]
[WhiteFideId "343404235"]
[BlackFideId "14960958"]
[EventDate "2026.03.25"]

1. e4 c5 2. Nf3 d6 3. d4 cxd4 4. Nxd4 Nf6 5. Nc3 a6 6. Be3 e6 7. f3 b5 8. Nb3
Bb7 9. Qd2 Nc6 10. Bd3 Be7 11. a3 Rc8 12. O-O O-O 13. Rfe1 Ne5 14. Rad1 Qc7 15.
Qe2 Rfd8 16. Kh1 d5 17. exd5 Nxd3 18. Rxd3 Nxd5 19. Nxd5 Bxd5 20. Rd2 Bd6 21. h3
Bc4 22. Qd1 Bg3 23. Rg1 Bxb3 24. cxb3 Rxd2 25. Qxd2 Rd8 26. Qc1 Qd6 27. Rf1 h6
28. Bf2 Bf4 29. Qc5 Qxc5 30. Bxc5 Rd2 31. a4 Rxb2 32. axb5 axb5 33. b4 Bd2 34.
Rd1 Bxb4 35. Bxb4 Rxb4 36. Rd8+ Kh7 37. Rb8 Kg6 38. Kh2 h5 39. Rb7 h4 40. Rc7
Kf6 41. Rc5 Rb1 42. Rc7 g5 43. Rc8 b4 44. Rb8 b3 45. Rb5 e5 46. Rb4 Ke6 47. Rb6+
Kd5 48. Rb5+ Kd4 49. Rb7 Kc3 50. Rxf7 Re1 51. Rc7+ Kb2 52. Rg7 Kc1 53. Rc7+ Kb1
54. Rg7 b2 55. Rb7 Kc2 56. Rc7+ Kd2 0-1

[Event "Reykjavik Open 2026"]
[Site "Reykjavik ISL"]
[Date "2026.03.28"]
[Round "5.43"]
[White "Sochacki, Christophe"]
[Black "Zhu, Yilun"]
[Result "1-0"]
[WhiteTitle "GM"]
[WhiteElo "2459"]
[BlackElo "2087"]
[WhiteFideId "662569"]
[BlackFideId "8609292"]
[EventDate "2026.03.25"]

1. Nf3 d5 2. e3 Nf6 3. c4 e6 4. Nc3 c5 5. cxd5 exd5 6. d4 a6 7. Be2 Nc6 8. O-O
cxd4 9. exd4 Ne4 10. Bd3 Nxc3 11. bxc3 Be7 12. h3 O-O 13. Re1 h6 14. Bc2 Kh8 15.
a4 Bd7 16. Rb1 Qc7 17. Ne5 Be8 18. Qf3 Nxd4 19. cxd4 Qxc2 20. Rxb7 Bg5 21. Bxg5
hxg5 22. Nxf7+ Kg8 23. Ree7 Bxa4 24. Kh2 Rae8 25. Nh6+ Kh8 26. Qh5 Rxe7 27. Nf5+ 1-0

[Event "Reykjavik Open 2026"]
[Site "Reykjavik ISL"]
[Date "2026.03.28"]
[Round "5.44"]
[White "Baskin, Robert"]
[Black "Quirke, Jeffrey"]
[Result "1-0"]
[WhiteTitle "IM"]
[WhiteElo "2435"]
[BlackElo "2075"]
[WhiteFideId "24662402"]
[BlackFideId "2013029"]
[EventDate "2026.03.25"]

1. e4 e5 2. Nf3 Nc6 3. Bb5 a6 4. Ba4 b5 5. Bb3 g6 6. a4 b4 7. h4 Nf6 8. d4 Qe7
9. Bg5 h6 10. Bxf6 Qxf6 11. Bd5 Rb8 12. Qd3 Nxd4 13. Nxd4 exd4 14. Rh3 Rh7 15.
Nd2 c6 16. Bb3 Bc5 17. h5 d6 18. hxg6 fxg6 19. Rf3 Qe7 20. Rg3 Rg7 21. O-O-O Kd8
22. Bc4 Ra8 23. Nb3 Kc7 24. Nxd4 Bxd4 25. Qxd4 c5 26. Qd2 g5 27. Re3 Bb7 28. Bd5
Rf8 29. Bxb7 Kxb7 30. f3 Rg6 31. Qd5+ Kc7 32. e5 dxe5 33. Rxe5 Qd6 34. Qe4 Qc6
35. Qe3 Kb6 36. a5+ Kb7 37. Rxc5 Qe6 38. Re5 Qa2 39. Re7+ Kc6 40. Qb6# 1-0

[Event "Reykjavik Open 2026"]
[Site "Reykjavik ISL"]
[Date "2026.03.28"]
[Round "5.45"]
[White "Patel, Zain"]
[Black "Akhvlediani, Irakli"]
[Result "1/2-1/2"]
[BlackTitle "IM"]
[WhiteElo "2062"]
[BlackElo "2429"]
[WhiteFideId "469246"]
[BlackFideId "13601938"]
[EventDate "2026.03.25"]

1. Nf3 c5 2. c4 Nc6 3. Nc3 g6 4. d4 cxd4 5. Nxd4 Bg7 6. Nxc6 bxc6 7. g3 h5 8. h4
Rb8 9. Bg2 Nf6 10. O-O O-O 11. Qc2 c5 12. b3 Bb7 13. Bxb7 Rxb7 14. Bb2 d6 15.
Ne4 Nxe4 16. Bxg7 Kxg7 17. Qxe4 Qd7 18. Rfd1 a5 19. Rd3 Rfb8 20. Rad1 a4 21.
Qe5+ f6 22. Qxc5 axb3 23. axb3 Rxb3 24. Rxb3 Rxb3 25. Qd5 Qg4 26. Re1 Rc3 27.
Qb7 Qe6 28. Qd5 Qc8 29. Qe4 Qc7 30. Ra1 Rxc4 31. Qe3 Qd7 32. Ra7 Rc7 33. Rxc7
Qxc7 34. Qe6 Qd8 35. e4 Qf8 36. Kg2 Qf7 37. Qd7 f5 38. f3 fxe4 39. fxe4 Kf6 40.
Qa4 Ke5 41. Qc2 Qe8 42. Kf3 Qb5 43. Qd1 Qa5 44. Qc1 Ke6 45. Qc8+ Kf7 46. Qc4+
Kf6 47. Qc1 Qe5 48. Qc8 Kf7 49. Qa8 Qc3+ 50. Kg2 Qd2+ 51. Kh3 Qd1 52. Kh2 Qd2+
53. Kh3 g5 54. hxg5 Qxg5 55. Qa2+ Kf6 56. Qb2+ Qe5 57. Qf2+ Kg6 58. Qf3 Qe6+ 59.
Kh2 Qf6 60. Qb3 Qf2+ 61. Kh3 Qf1+ 62. Kh2 Qe2+ 63. Kh3 Qxe4 64. Qg8+ Kf6 65.
Qh8+ Ke6 66. Qc8+ Kf7 67. Kh2 Qe2+ 68. Kg1 Qg4 69. Qc3 h4 70. Qb3+ Kf8 71. Qb7
hxg3 72. Qf3+ Qxf3 1/2-1/2

[Event "Reykjavik Open 2026"]
[Site "Reykjavik ISL"]
[Date "2026.03.28"]
[Round "5.46"]
[White "Brackmann, Hendrik"]
[Black "Kjartansson, Gudmundur"]
[Result "0-1"]
[BlackTitle "GM"]
[WhiteElo "2060"]
[BlackElo "2416"]
[WhiteFideId "12905135"]
[BlackFideId "2301318"]
[EventDate "2026.03.25"]

1. e4 c5 2. Nf3 d6 3. d4 cxd4 4. Nxd4 Nf6 5. Nc3 a6 6. Qd3 e6 7. Be2 Nbd7 8. O-O
b5 9. b4 Bb7 10. a4 bxa4 11. Qg3 Qb6 12. Rd1 Nxe4 13. Nxe4 Bxe4 14. Rxa4 e5 15.
Qe3 d5 16. f3 Bg6 17. f4 f6 18. fxe5 Nxe5 19. Ba3 Kf7 20. Qb3 Be4 21. c4 Nc6 22.
Qc3 Be7 23. c5 Nxd4 24. Rxd4 Qc6 25. Rxe4 Qxa4 26. Rd4 Qc6 27. Rxd5 Rhd8 28.
Rxd8 Rxd8 29. Qc4+ Kf8 30. Qxa6 Qxa6 31. Bxa6 Rd1+ 32. Kf2 Ra1 33. c6 Bd8 0-1

[Event "Reykjavik Open 2026"]
[Site "Reykjavik ISL"]
[Date "2026.03.28"]
[Round "5.47"]
[White "Griffith, Kyron"]
[Black "Oskarsson, Markus Orri"]
[Result "1/2-1/2"]
[WhiteTitle "IM"]
[WhiteElo "2415"]
[BlackElo "2049"]
[WhiteFideId "2046318"]
[BlackFideId "2320118"]
[EventDate "2026.03.25"]

1. e4 e6 2. d4 d5 3. Nc3 Bb4 4. e5 c5 5. a3 Bxc3+ 6. bxc3 Ne7 7. Qg4 Qc7 8. Bd3
Qa5 9. Bd2 c4 10. Be2 Nf5 11. Qh3 Qa4 12. Bd1 Bd7 13. g4 Ne7 14. Ne2 Na6 15. Qf3
Nc7 16. h4 Nb5 17. h5 h6 18. Qf4 a5 19. Bc1 Rf8 20. g5 Nf5 21. gxh6 gxh6 22. Bd2
Nxa3 23. Kf1 b5 24. Ng3 Ra6 25. Nxf5 exf5 26. Bc1 b4 27. Rg1 Qb5 28. Rg3 Qb6 29.
e6 Bxe6 30. Rxa3 bxa3 31. Bxa3 Rh8 32. Qe5 Rh7 33. Bf3 f4 34. Qxf4 Kd7 35. Kg2
Qc7 36. Qc1 Ra8 37. Kh1 Rhh8 38. Rg7 Rag8 39. Rxg8 Rxg8 40. Qxh6 Qb8 41. Qc1 Qd8
42. Qf4 Qb6 43. Bd1 Qb8 44. Qf6 Qd8 45. Qf4 Qb8 1/2-1/2

[Event "Reykjavik Open 2026"]
[Site "Reykjavik ISL"]
[Date "2026.03.28"]
[Round "5.48"]
[White "Soderstrom, Adrian"]
[Black "Krischer, Markus"]
[Result "1-0"]
[WhiteTitle "FM"]
[WhiteElo "2374"]
[BlackElo "2042"]
[WhiteFideId "1745786"]
[BlackFideId "34616152"]
[EventDate "2026.03.25"]

1. e4 e5 2. Nf3 Nc6 3. Bb5 a6 4. Ba4 Nf6 5. O-O Be7 6. Re1 b5 7. Bb3 O-O 8. a4
b4 9. a5 d6 10. c3 bxc3 11. bxc3 h6 12. d3 Re8 13. Nbd2 Bf8 14. d4 exd4 15. cxd4
Bd7 16. h3 g6 17. Bb2 Rb8 18. Bc3 Bg7 19. Bc4 Bc8 20. Qa4 Qd7 21. Qa2 Nb4 22.
Bxb4 Rxb4 23. e5 Nh5 24. exd6 Rxe1+ 25. Rxe1 Ra4 26. Bxf7+ 1-0

[Event "Reykjavik Open 2026"]
[Site "Reykjavik ISL"]
[Date "2026.03.28"]
[Round "5.49"]
[White "Berezovskii, Arina"]
[Black "Balabayeva, Xeniya"]
[Result "0-1"]
[WhiteTitle "WCM"]
[BlackTitle "WGM"]
[WhiteElo "1999"]
[BlackElo "2365"]
[WhiteFideId "34449850"]
[BlackFideId "13719688"]
[EventDate "2026.03.25"]

1. e4 e5 2. Nf3 Nc6 3. Bb5 Nf6 4. O-O Nxe4 5. d4 Nd6 6. Bxc6 dxc6 7. dxe5 Nf5 8.
Qxd8+ Kxd8 9. Nc3 Be7 10. h3 Nh4 11. Nxh4 Bxh4 12. Bf4 Be6 13. Rad1+ Kc8 14. Ne2
c5 15. Nc3 h5 16. a3 Bf5 17. Rd2 Rd8 18. Rfd1 b6 19. g3 Rxd2 20. Rxd2 Bd8 21.
Kg2 c6 22. f3 a5 23. g4 hxg4 24. hxg4 Be6 25. Ne4 Be7 26. Nd6+ Kc7 27. Nf5 Bf8
28. Bg5 a4 29. Kg3 b5 30. f4 b4 31. Nd6 f6 32. Bh4 fxe5 33. fxe5 c4 34. c3 bxc3
35. bxc3 Rb8 36. Kf4 Rb3 37. Ne8+ Kb7 38. Bd8 Bxa3 39. Rd1 Rxc3 40. Nxg7 Bc1+
41. Ke4 Bxg4 42. Rf1 a3 43. Rf7+ Kc8 44. e6 Re3+ 45. Kf4 a2 46. Bf6 Rxe6+ 47.
Kxg4 Rxf6 48. Ra7 Rg6+ 49. Kf3 Rxg7 50. Rxa2 c3 51. Ke4 Rd7 52. Ra8+ Kb7 53. Ra1
Bb2 54. Rb1 Kc7 55. Ke3 c2 0-1

[Event "Reykjavik Open 2026"]
[Site "Reykjavik ISL"]
[Date "2026.03.28"]
[Round "5.50"]
[White "Guo, Ethan"]
[Black "Oelschlaeger, Lennart"]
[Result "1-0"]
[WhiteTitle "FM"]
[WhiteElo "2364"]
[BlackElo "1984"]
[WhiteFideId "30976359"]
[BlackFideId "12996807"]
[EventDate "2026.03.25"]

1. e4 c5 2. Nf3 d6 3. d4 cxd4 4. Nxd4 Nf6 5. Nc3 a6 6. Nb3 e6 7. g4 h6 8. h4 b5
9. a3 Bb7 10. Bg2 Nbd7 11. g5 hxg5 12. hxg5 Rxh1+ 13. Bxh1 Ng8 14. f4 Nc5 15.
Be3 Qc7 16. Qd2 Ne7 17. Qf2 Ng6 18. O-O-O Nxb3+ 19. cxb3 e5 20. f5 Nf4 21. Kb1
b4 22. axb4 f6 23. g6 Bc6 24. Bxf4 exf4 25. Qxf4 Qb7 26. Nd5 Rb8 27. Qe3 Be7 28.
Rc1 Bxd5 29. exd5 Qxb4 30. Rc7 1-0

[Event "Reykjavik Open 2026"]
[Site "Reykjavik ISL"]
[Date "2026.03.28"]
[Round "6.1"]
[White "Lagarde, Maxime"]
[Black "Tabatabaei, M. Amin"]
[Result "0-1"]
[WhiteTitle "GM"]
[BlackTitle "GM"]
[WhiteElo "2618"]
[BlackElo "2700"]
[WhiteFideId "662399"]
[BlackFideId "12521213"]
[EventDate "2026.03.25"]

1. e4 c6 2. d4 d5 3. e5 Bf5 4. Ne2 e6 5. Ng3 Bg6 6. h4 h5 7. c4 dxc4 8. Bxc4 Nd7
9. Nc3 Be7 10. Nge2 Nh6 11. Nf4 Nf8 12. Nxg6 Nxg6 13. Bxh6 Rxh6 14. g3 Qb6 15.
Qb3 Qxd4 16. Qxb7 Qxe5+ 17. Kf1 Rb8 18. Qxc6+ Kf8 19. Re1 Qf5 20. b3 Qa5 21. Nb5
a6 22. Nd4 Ne5 23. Qxa6 Qc5 24. Re4 Ng4 25. Rf4 Rf6 26. Nxe6+ fxe6 27. Qxe6 Nh6
28. Rxf6+ Bxf6 29. Kg2 Re8 30. Qd7 Rd8 31. Qb7 Qe5 32. Qb4+ Be7 33. Qe1 Qf6 34.
Qe2 Qc6+ 35. Qf3+ Qxf3+ 36. Kxf3 Rd2 37. Re1 Rxa2 38. Re2 Ra5 39. Be6 g6 40. Kg2
Kg7 41. f3 Ra1 42. Kh3 Rh1+ 43. Kg2 Rc1 44. Kh3 Rc3 45. Kg2 Rc1 46. Kh3 Rd1 47.
Kg2 Rd4 48. Kh3 Bd6 49. Kg2 Kf6 50. Kh3 Bb8 51. Bc4 Be5 52. Ra2 Bd6 53. Re2 Kg7
54. Ra2 Rd1 55. Ra7+ Kf6 56. Rd7 Rd2 57. b4 Nf5 58. f4 Nh6 59. b5 Kf5 60. Ra7
Ng4 61. Ra2 Rd4 62. Be2 Bc5 63. Rc2 Bb6 64. Ra2 Nf6 65. Bf3 Rb4 66. Bc6 Rb3 67.
Re2 Be3 68. Kg2 Ng4 69. Bf3 Kf6 70. Bc6 Bd4 71. Rd2 Ne3+ 0-1

[Event "Reykjavik Open 2026"]
[Site "Reykjavik ISL"]
[Date "2026.03.28"]
[Round "6.2"]
[White "Makkar, Rajat"]
[Black "Xiao, Tong(QD)"]
[Result "1/2-1/2"]
[WhiteTitle "IM"]
[BlackTitle "GM"]
[WhiteElo "2418"]
[BlackElo "2555"]
[WhiteFideId "36016810"]
[BlackFideId "8622388"]
[EventDate "2026.03.25"]

1. e4 c5 2. d3 Nc6 3. g3 d5 4. exd5 Qxd5 5. Nf3 b6 6. Bg2 Bb7 7. Nc3 Qd7 8. O-O
Nf6 9. Re1 e6 10. Bf4 Be7 11. Ne5 Nxe5 1/2-1/2

[Event "Reykjavik Open 2026"]
[Site "Reykjavik ISL"]
[Date "2026.03.28"]
[Round "6.3"]
[White "Tari, Aryan"]
[Black "Wadsworth, Matthew J"]
[Result "1/2-1/2"]
[WhiteTitle "GM"]
[BlackTitle "GM"]
[WhiteElo "2642"]
[BlackElo "2522"]
[WhiteFideId "1510045"]
[BlackFideId "415804"]
[EventDate "2026.03.25"]

1. e4 c6 2. d4 d5 3. e5 Bf5 4. Bd3 Bxd3 5. Qxd3 e6 6. Ne2 Qa5+ 7. c3 Qa6 8. Qd1
b6 9. O-O c5 10. Nd2 Nc6 11. Nf3 Nge7 12. Ng3 h6 13. Be3 Ng6 14. Nh5 Rh7 15. a3
c4 16. Qc2 Be7 17. Nd2 Nf8 18. g4 g6 19. Ng3 Na5 20. f4 O-O-O 21. Nf3 Rd7 22. f5
Kb8 23. Rf2 Qc8 24. Raf1 Rb7 25. h4 Qe8 26. Kh2 Rh8 27. fxg6 fxg6 28. Kh3 Nc6
29. Ne1 Nd8 30. Ng2 b5 31. Qd2 g5 32. h5 a5 33. Qc2 Rg8 34. Ne1 Kc8 35. Nf3 Kb8
36. Nd2 a4 37. Ne2 Nc6 38. Kg2 Bd8 39. Rf3 Rbg7 40. R1f2 Nd7 41. Qb1 Rf8 42. Ng1
Be7 43. Rxf8 Nxf8 44. Ndf3 Nd8 45. Nh3 Nf7 46. Kf1 Nd7 47. Ke2 Qg8 48. Nhg1 Qh7
49. Qxh7 Rxh7 50. Kd1 Kc7 51. Ne2 Kd8 52. Ng3 Ke8 53. Bc1 1/2-1/2

[Event "Reykjavik Open 2026"]
[Site "Reykjavik ISL"]
[Date "2026.03.28"]
[Round "6.4"]
[White "Deac, Bogdan-Daniel"]
[Black "Balakrishnan, Praveen"]
[Result "1/2-1/2"]
[WhiteTitle "GM"]
[BlackTitle "GM"]
[WhiteElo "2655"]
[BlackElo "2496"]
[WhiteFideId "1226380"]
[BlackFideId "2064871"]
[EventDate "2026.03.25"]

1. c4 e6 2. Nf3 d5 3. e3 Nf6 4. Nc3 b6 5. cxd5 exd5 6. g3 Bd6 7. Bg2 O-O 8. O-O
Re8 9. d3 Nbd7 10. b3 a5 11. Nd4 Bb7 12. Bb2 Nc5 13. Qc2 Bf8 14. Rac1 Ne6 15.
Ncb5 c5 16. Nxe6 Rxe6 17. a4 Ne8 18. d4 Nc7 19. Rfd1 Nxb5 20. axb5 Qe8 21. Qe2
a4 22. bxa4 Rxa4 23. dxc5 bxc5 24. Bc3 Rb6 25. Bxd5 Bxd5 26. Rxd5 Qxb5 27. Qf3
Qe8 28. Rcd1 Qe4 29. Qxe4 Rxe4 30. Rd8 Rbe6 31. Kg2 Re8 32. Kf3 Rxd8 33. Rxd8 f5
34. Rd7 g6 35. h3 h5 36. Rc7 Be7 37. Ke2 Kf7 38. f4 Ra4 39. Kf3 Ra3 40. Be5 Ke6
41. Rc6+ Kf7 42. Rc7 Ke6 43. Rc6+ Kf7 44. Rc7 1/2-1/2

[Event "Reykjavik Open 2026"]
[Site "Reykjavik ISL"]
[Date "2026.03.28"]
[Round "6.5"]
[White "Sklokin, Sergey"]
[Black "Stefansson, Vignir Vatnar"]
[Result "1/2-1/2"]
[WhiteTitle "FM"]
[BlackTitle "GM"]
[WhiteElo "2414"]
[BlackElo "2511"]
[WhiteFideId "55730230"]
[BlackFideId "2308649"]
[EventDate "2026.03.25"]

1. e4 c5 2. Nf3 Nf6 3. Nc3 d5 4. exd5 Nxd5 5. d4 Nxc3 6. bxc3 g6 7. Be3 Bg7 8.
Be2 O-O 9. O-O Nd7 10. Qd2 Nf6 11. Bd3 Qa5 12. Rfe1 Bg4 13. Ne5 Be6 14. dxc5
Rad8 15. c4 Qc7 16. f4 Nd7 17. Nxd7 Rxd7 18. Rad1 Bxc4 19. Qb4 Bxd3 20. Rxd3
Rxd3 21. cxd3 Rd8 22. Qc4 e6 23. Rb1 h5 24. h3 Rd5 25. Qb5 Bd4 26. Bxd4 Rxd4 27.
Kh1 Rxf4 28. a4 Rf5 29. d4 Rf4 30. Qb2 b6 31. Rc1 bxc5 32. dxc5 Rxa4 33. c6 Kh7
34. Rf1 Rc4 35. Qb7 Qxb7 36. cxb7 Rb4 37. Rxf7+ Kh6 38. Re7 a5 39. Rxe6 Rxb7 40.
Ra6 Rb1+ 41. Kh2 Ra1 42. h4 Ra4 43. g3 Ra2+ 44. Kh3 Kg7 45. Ra7+ Kf6 46. Ra6+
Kf5 47. Ra7 Ra1 48. Ra6 a4 49. Kg2 a3 50. Kh2 Ra2+ 51. Kh3 Ra1 52. Kg2 Ke4 53.
Rxg6 Rc1 54. Ra6 Rc3 55. g4 hxg4 56. h5 Kf4 57. h6 Rc2+ 58. Kg1 Rc1+ 1/2-1/2

[Event "Reykjavik Open 2026"]
[Site "Reykjavik ISL"]
[Date "2026.03.28"]
[Round "6.6"]
[White "Maurizzi, MarcAndria"]
[Black "Lavrencic, Matic"]
[Result "1-0"]
[WhiteTitle "GM"]
[BlackTitle "IM"]
[WhiteElo "2614"]
[BlackElo "2472"]
[WhiteFideId "36083534"]
[BlackFideId "14637847"]
[EventDate "2026.03.25"]

1. e4 c5 2. Nf3 e6 3. Nc3 Nc6 4. h3 a6 5. d4 cxd4 6. Nxd4 Qc7 7. Nxc6 bxc6 8.
Qf3 Rb8 9. Bf4 Bd6 10. Bxd6 Qxd6 11. Bc4 Ne7 12. Qe3 Qb4 13. Bb3 d5 14. O-O-O
O-O 15. Rhe1 a5 16. Na4 Qb7 17. Qc5 Qb4 18. Qe3 Qb7 19. c3 Qc7 20. Bc2 Bd7 21.
Nc5 Bc8 22. h4 Qb6 23. b3 e5 24. exd5 Nxd5 25. Qxe5 Qxc5 26. Qxb8 Bf5 27. Re8 1-0

[Event "Reykjavik Open 2026"]
[Site "Reykjavik ISL"]
[Date "2026.03.28"]
[Round "6.7"]
[White "Siva, Mahadevan"]
[Black "Zhou, Jianchao"]
[Result "0-1"]
[WhiteTitle "IM"]
[BlackTitle "GM"]
[WhiteElo "2454"]
[BlackElo "2584"]
[WhiteFideId "25043153"]
[BlackFideId "8603537"]
[EventDate "2026.03.25"]

1. e4 c5 2. Nf3 Nc6 3. d4 cxd4 4. Nxd4 Qb6 5. Nb3 e6 6. a3 Qc7 7. Nc3 a6 8. Be3
b5 9. f4 Be7 10. Bd3 d6 11. O-O Nf6 12. Qf3 O-O 13. Kh1 Rb8 14. Qh3 b4 15. axb4
Nxb4 16. Nd4 e5 17. Nf5 Bxf5 18. Qxf5 Nxc2 19. Bxc2 Rxb2 20. Bd3 Qxc3 21. Rfd1
g6 22. Qh3 Qb4 23. fxe5 dxe5 24. Qf3 Rd8 25. Bg5 Nh5 26. Bh6 a5 27. Rf1 Qb3 28.
Rad1 Rd6 29. Bc1 Rf6 30. Qh3 Rbf2 31. Qc8+ Kg7 32. Rg1 Rd6 33. Be3 Rff6 34. Qc1
Nf4 35. Bc4 Rxd1 36. Rxd1 Qa4 37. Rf1 Rc6 38. Qb2 Qxc4 39. Qxe5+ Bf6 40. Qxf4
Re6 41. Re1 g5 42. Qf5 Rxe4 43. h3 Rxe3 0-1

[Event "Reykjavik Open 2026"]
[Site "Reykjavik ISL"]
[Date "2026.03.28"]
[Round "6.8"]
[White "Sanal, Vahap"]
[Black "Narva, Mai"]
[Result "1/2-1/2"]
[WhiteTitle "GM"]
[BlackTitle "IM"]
[WhiteElo "2551"]
[BlackElo "2413"]
[WhiteFideId "6300545"]
[BlackFideId "4500512"]
[EventDate "2026.03.25"]

1. d4 Nf6 2. Nf3 g6 3. Bg5 Bg7 4. Nbd2 c5 5. Bxf6 Bxf6 6. Ne4 Qb6 7. Nxf6+ Qxf6
8. c3 Qb6 9. Qd2 cxd4 10. cxd4 d5 11. h4 h5 12. g3 Nc6 13. Bg2 Bg4 14. Rd1 Rd8
15. O-O O-O 16. a3 Kg7 17. Kh2 Rfe8 18. Ne5 Nxe5 19. dxe5 d4 20. Rc1 a5 21. Rc4
Qb5 22. Rxd4 Rxd4 23. Qxd4 Qxe2 24. Rc1 Be6 25. Bf1 Qf3 26. Rc3 Qg4 27. Qxg4
hxg4 28. Bc4 Bf5 29. Bd3 Be6 30. Bc4 Bf5 31. Bd3 Be6 32. Bc4 1/2-1/2

[Event "Reykjavik Open 2026"]
[Site "Reykjavik ISL"]
[Date "2026.03.28"]
[Round "6.9"]
[White "Magold, Filip"]
[Black "Cornette, Matthieu"]
[Result "1/2-1/2"]
[WhiteTitle "IM"]
[BlackTitle "GM"]
[WhiteElo "2484"]
[BlackElo "2535"]
[WhiteFideId "1254456"]
[BlackFideId "620084"]
[EventDate "2026.03.25"]

1. e4 c5 2. Nf3 Nc6 3. d4 cxd4 4. Nxd4 Nf6 5. Nc3 e5 6. Ndb5 d6 7. Nd5 Nxd5 8.
exd5 Ne7 9. c4 Ng6 10. h4 Be7 11. h5 Nh4 12. g3 Nf5 13. Bg2 O-O 14. O-O Bd7 15.
Nc3 Rc8 16. b3 a6 17. a4 b5 18. axb5 axb5 19. Nxb5 Bxb5 20. cxb5 Nd4 21. Bb2
Nxb5 22. Qd3 Qd7 23. Ra5 Rb8 24. Rc1 Rb7 25. Kh2 f5 26. h6 gxh6 27. Bxe5 1/2-1/2

[Event "Reykjavik Open 2026"]
[Site "Reykjavik ISL"]
[Date "2026.03.28"]
[Round "6.10"]
[White "Todmunkh, Turbat"]
[Black "Brodsky, David"]
[Result "0-1"]
[BlackTitle "GM"]
[WhiteElo "1880"]
[BlackElo "2505"]
[WhiteFideId "4925084"]
[BlackFideId "2073250"]
[EventDate "2026.03.25"]

1. e4 c5 2. c3 d5 3. exd5 Qxd5 4. d4 g6 5. Nf3 Bg7 6. Nbd2 cxd4 7. Bc4 Qd8 8.
Nxd4 Nf6 9. Qb3 O-O 10. N2f3 a6 11. a4 Qc7 12. Be3 Ng4 13. Nc2 Nd7 14. O-O Nde5
15. Nxe5 Qxe5 16. g3 Qh5 17. h4 Ne5 18. Bd5 Bh3 19. Bg2 Nf3+ 20. Kh1 Qg4 21. Qb4
Bxg2+ 22. Kxg2 Nxh4+ 23. Kg1 Nf3+ 24. Kg2 Qxb4 25. Nxb4 Ne5 26. Nd5 e6 27. Nb6
Rad8 28. Rad1 Rd3 29. Rxd3 Nxd3 30. Nc4 b5 31. axb5 axb5 32. Nd6 Nxb2 33. Nxb5
Rb8 34. Nd6 Bxc3 35. Rc1 Be5 36. Ne4 h5 37. Rb1 Nc4 38. Rxb8+ Bxb8 39. Bd4 Be5
40. Bc5 Kg7 41. Kg1 Bb2 42. Kg2 f5 43. Ng5 e5 44. Be7 e4 45. Nh3 Ne5 46. Bc5 Nf3
47. Nf4 h4 48. gxh4 Nxh4+ 49. Kh3 Nf3 50. Ne2 Be5 51. Kg2 g5 52. Be7 Kg6 53. Bc5
Ne1+ 54. Kf1 Nd3 55. Bb6 f4 56. Kg1 Kf5 57. Kf1 Kg4 58. Ba7 f3 59. Nd4 Bxd4 60.
Bxd4 Kh3 61. Bb6 g4 62. Ba7 g3 63. fxg3 Kxg3 64. Bb6 Kf4 65. Bc7+ Ne5 0-1